Distribution and Internet

Guardado en:
Detalles Bibliográficos
Autor principal: Dorčák, Peter, 1979-
Otros Autores: Pollák, František, 1985-
Formato: Capítulo de libro
Lenguaje:inglés
Etiquetas: Agregar Etiqueta
Sin Etiquetas, Sea el primero en etiquetar este registro!

MARC

LEADER 00000naa a2200000 4500
001 0226755
005 20240502083607.5
041 0 |a eng 
044 |a CZ 
245 1 0 |a Distribution and Internet  |c Peter Dorčák, František Pollák 
100 1 |a Dorčák, Peter, 1979- 
700 1 |a Pollák, František, 1985-